Trekkingový atlas světa : Obrazový prúvodce nejkrásnějšími treky /

Gespeichert in:
Bibliographische Detailangaben
1. Verfasser: ARMSTRONG, Judy a kol (Verfasst von)
Format: Buch
Sprache:Tschechisch
Veröffentlicht: Praha Svojtka & Co, s. r. o. 2008
Ausgabe:1. vydanie
Tags: Tag hinzufügen
Keine Tags, Fügen Sie das erste Tag hinzu!

MARC

LEADER 00000nam a22000003a 4500
001 0101212
003 SK-STU
005 20230404103512.0
007 ta
008 230404s ----xo-----e------000-0-----d
020 |a 978-80-7352-611-5 
040 |a STU  |b slo 
041 0 |a cze 
044 |a xr 
100 1 |a ARMSTRONG, Judy a kol.  |4 aut 
245 1 0 |a Trekkingový atlas světa :  |b Obrazový prúvodce nejkrásnějšími treky /  |c aut. Judy a kol ARMSTRONG 
250 |a 1. vydanie 
260 |a Praha  |b Svojtka & Co, s. r. o.   |c 2008 
300 |a 298 s. 
996 |c I* 4SOA13860  |l I  |s A  |a 24  |w 0101212_0001